Australian Fast-Food Chains - Statistics

General Stats
  • This quiz has been taken 79 times
  • The average score is 11 of 25
Answer Stats
Hint Answer % Correct
Burger McDonald's
100%
Chicken KFC
95%
Burger Hungry Jacks
94%
Sandwhich Subway
90%
Pizza Domino's
87%
Pizza Pizza Hut
84%
Juice Boost Juice
71%
Chicken Red Rooster
68%
Mexican Guzman Y Gomez
65%
Portugese Nandos
55%
Portugese Oporto
53%
Mexican Taco Bell
42%
Burger Grill'd
35%
Bakery/Cafe Starbucks
35%
Vietnamese Roll'd
26%
Mexican Zambrero's
23%
Chicken Schnitz
11%
Burger Carls Jr.
10%
Bakery/Cafe Pie Face
6%
Chicken El Jannah Charcoal Chicken
3%
Pizza La Porchetta
3%
Ice Cream Augustus Gelatery
2%
Bakery/Cafe Doughnut King
2%
Bakery/Cafe Daniel's Doughnuts
0%
Bakery/Cafe Pancake Parlour/Kitchen
0%
No matching quizzes found
Score Distribution
Percent of People with Each Score
Percentile by Number Answered
Your Score History
You have not taken this quiz